[Event "GER-ch U25"]
[Site "Willingen"]
[Date "2005.05.15"]
[Round "3"]
[White "Frey, Steffen"]
[Black "Hauffen, Kai"]
[Result "1-0"]
[WhiteElo "1248"]
[BlackElo "1120"]
[PlyCount "91"]
[EventDate "2005.05.14"]
[EventType "swiss"]
[EventRounds "9"]
[EventCountry "GER"]
[SourceTitle "CBM 106 Extra"]
[Source "ChessBase"]
[SourceDate "2005.07.01"]
[SourceVersion "1"]
[SourceVersionDate "2005.07.01"]
[SourceQuality "1"]

1. e4 e5 2. Nf3 Nc6 3. Nc3 Nf6 4. d4 Bb4 5. Nxe5 Nxe5 6. dxe5 Nxe4 7. Qg4 Bxc3+ 8. bxc3 Nxc3 9. Qxg7 Rf8 10. Bc4 Qh4 11. Ba3 d6 12. Bd3 Qa4 13. Bc1 Qd4 14. Bh6 Qxe5+ 15. Qxe5+ dxe5 16. Bxf8 Kxf8 17. 0-0 Be6 18. Rfe1 f6 19. f4 Kf7 20. fxe5 fxe5 21. Rxe5 Rg8 22. Rae1 Bd5 23. Rf1+ Kg7 24. Rg5+ Kh8 25. Rxg8+ Kxg8 26. Rf4 c5 27. Bc4 Kg7 28. Rg4+ Kf6 29. Bxd5 Nxd5 30. c4 Ne3 31. Rf4+ Ke5 32. Rh4 b5 33. cxb5 c4 34. Kf2 Nd1+ 35. Ke2 Nb2 36. Kd2 Kd5 37. Kc2 Na4 38. Rxh7 Nb6 39. Rxa7 Kc5 40. h4 Kxb5 41. h5 Nd5 42. h6 Nf6 43. h7 Nxh7 44. Rxh7 Kc5 45. Rd7 Kc6 46. Rd2 1-0

[Event "GER-ch U25"]
[Site "Willingen"]
[Date "2005.05.15"]
[Round "2"]
[White "Hinz, Arne"]
[Black "Frey, Steffen"]
[Result "1-0"]
[WhiteElo "1679"]
[BlackElo "1248"]
[PlyCount "71"]
[EventDate "2005.05.14"]
[EventType "swiss"]
[EventRounds "9"]
[EventCountry "GER"]
[SourceTitle "CBM 106 Extra"]
[Source "ChessBase"]
[SourceDate "2005.07.01"]
[SourceVersion "1"]
[SourceVersionDate "2005.07.01"]
[SourceQuality "1"]

1. e4 e5 2. Nf3 Nc6 3. Bb5 Nf6 4. 0-0 Be7 5. Re1 0-0 6. c3 d6 7. h3 Be6 8. d4 a6 9. Ba4 Na5 10. d5 Bd7 11. Nbd2 b5 12. Bc2 c6 13. Nf1 Qc7 14. Ne3 Qc8 15. Nh2 Re8 16. Nef1 Bd8 17. Ng3 Bc7 18. Qf3 Bd8 19. Nf5 Be7 20. Qg3 g6 21. Nh6+ Kh8 22. Qf3 Bd8 23. N6g4 Bxg4 24. hxg4 Ra7 25. g5 Ng8 26. Ng4 Nc4 27. b3 Nb6 28. Ba3 Qb8 29. Bc1 Kg7 30. Rd1 Rf8 31. dxc6 Qc7 32. Ba3 Nc8 33. Nxe5 Re8 34. Ng4 Bxg5 35. e5 dxe5 36. Rd7 1-0

[Event "GER-ch U25 op"]
[Site "Willingen"]
[Date "2004.06.01"]
[Round "6"]
[White "Frey, Steffen"]
[Black "Rafiee, Makan"]
[Result "0-1"]
[WhiteElo "971"]
[BlackElo "2028"]
[PlyCount "76"]
[EventDate "2004.05.30"]
[EventType "swiss"]
[EventRounds "9"]
[EventCountry "GER"]
[SourceTitle "EXT 2005"]
[Source "ChessBase"]
[SourceDate "2004.11.15"]
[SourceVersion "1"]
[SourceVersionDate "2004.11.15"]
[SourceQuality "1"]

1. e4 c5 2. Nf3 d6 3. d4 cxd4 4. Nxd4 Nf6 5. Nc3 a6 6. Be3 e5 7. Nb3 Be6 8. f3 Be7 9. Nd5 Bxd5 10. exd5 0-0 11. Qd2 Nbd7 12. 0-0-0 Nb6 13. c4 Rc8 14. Bxb6 Qxb6 15. Kb1 Bd8 16. Rc1 Qa7 17. Qb4 Qb6 18. Qxb6 Bxb6 19. Bd3 Rfe8 20. Rhe1 g6 21. h3 Nh5 22. Nd2 Ba5 23. Red1 Bxd2 24. Rxd2 Nf4 25. Re1 Nxd3 26. Rxd3 Rxc4 27. g3 f5 28. f4 e4 29. Rde3 Rd4 30. g4 Rxd5 31. gxf5 gxf5 32. Kc2 Rc8+ 33. Kb1 Rdc5 34. Rg3+ Kf7 35. Rg5 Kf6 36. Reg1 d5 37. a3 e3 38. Re1 d4 0-1

[Event "GER-ch U25 op"]
[Site "Willingen"]
[Date "2004.05.30"]
[Round "1"]
[White "Frey, Steffen"]
[Black "Beckmann, Emanuel"]
[Result "0-1"]
[WhiteElo "971"]
[BlackElo "1868"]
[PlyCount "70"]
[EventDate "2004.05.30"]
[EventType "swiss"]
[EventRounds "9"]
[EventCountry "GER"]
[SourceTitle "EXT 2005"]
[Source "ChessBase"]
[SourceDate "2004.11.15"]
[SourceVersion "1"]
[SourceVersionDate "2004.11.15"]
[SourceQuality "1"]

1. e4 c5 2. Nf3 e6 3. d4 cxd4 4. Nxd4 a6 5. Nc3 b5 6. Bf4 Bb4 7. Bd3 Qb6 8. Be3 Qc7 9. Qd2 Bb7 10. a3 Bxc3 11. Qxc3 Qxc3+ 12. bxc3 Nf6 13. f3 0-0 14. 0-0 d6 15. Rfb1 e5 16. Nf5 d5 17. Ne7+ Kh8 18. exd5 Nxd5 19. Nxd5 Bxd5 20. a4 Nd7 21. axb5 axb5 22. Rxa8 Rxa8 23. Rxb5 Bc6 24. Rb2 g6 25. Bc4 Kg7 26. Kf2 Rc8 27. Bd3 Bd5 28. Bd2 Ra8 29. g4 Ra1 30. c4 Bc6 31. c3 Nc5 32. Bc2 Ba4 33. Bxa4 Nd3+ 34. Ke2 Nxb2 35. Bc6 Nxc4 0-1

[Event "GER-ch U25 op"]
[Site "Willingen"]
[Date "2004.05.30"]
[Round "3"]
[White "Frey, Steffen"]
[Black "Voelz, Michael"]
[Result "0-1"]
[WhiteElo "971"]
[BlackElo "1387"]
[PlyCount "43"]
[EventDate "2004.05.30"]
[EventType "swiss"]
[EventRounds "9"]
[EventCountry "GER"]
[SourceTitle "EXT 2005"]
[Source "ChessBase"]
[SourceDate "2004.11.15"]
[SourceVersion "1"]
[SourceVersionDate "2004.11.15"]
[SourceQuality "1"]

1. e4 e5 2. Nf3 Nc6 3. Nc3 Nf6 4. d4 exd4 5. Nxd4 Bb4 6. Nxc6 Bxc3+ 7. bxc3 dxc6 8. Bd3 h6 9. 0-0 0-0 10. Bf4 Be6 11. Re1 Qe7 12. Qd2 Ne8 13. Rab1 b6 14. c4 c5 15. a4 Rd8 16. a5 Bxc4 17. Re3 Bxd3 18. cxd3 Qe6 19. Rg3 Kh7 20. Bxh6 gxh6 21. Rh3 Qg6 22. Qe3 0-1